| 000 | 01331nmm a2200421 a 4500 | ||
|---|---|---|---|
| 003 | AR-BaBNM | ||
| 005 | 20251128205333.0 | ||
| 008 | 077019s1997 ||||||||||||||000 | spa|| | ||
| 020 | _a92-3-103278-X | ||
| 040 | _cAR-BaBNM | ||
| 100 | 1 | _aArseculeratne, S.N. | |
| 245 | 1 | 0 |
_aInnovations in science and technology education _n6 |
| 260 |
_aParís _bUnesco _c1997 |
||
| 300 | 0 |
_a285 p. _bdiagr. |
|
| 500 | 0 | _aSTL: SCIENTIFIC AND TECHNOLOGICAL LITERACY | |
| 504 | _aBibliografía al final de cada capítulo | ||
| 650 | 4 | _aTRANSFERENCIA DE TECNOLOGIA | |
| 650 | 4 | _aEDUCACION NO FORMAL | |
| 650 | 4 | _aMULTICULTURALISMO | |
| 650 | 4 | _aEDUCACION DE LA MUJER | |
| 650 | 4 | _aTECNOLOGIA EDUCATIVA | |
| 650 | 4 | _aPROYECTOS | |
| 653 | 0 | _aINNOVACIONES EDUCATIVAS | |
| 653 | 0 | _aEDUCACION PRIMARIA | |
| 700 | 1 |
_aJenkins, Edgard W. _eeditor |
|
| 700 | 1 |
_aLayton, David _eeditor |
|
| 700 | 1 |
_aFourez, Gérard M. _ecolaborador |
|
| 700 | 1 |
_aAikenhead, Glen S. _ecolaborador |
|
| 700 | 1 |
_aPomeroy, Deborah _ecolaborador |
|
| 700 | 1 |
_aMehta, Jayshree A. _ecolaborador |
|
| 700 | 1 |
_aBurns, Janet _ecolaborador |
|
| 700 | 1 |
_aKeitel, Christine _ecolaborador |
|
| 700 | 1 |
_aLotero Botero, Amparo _ecolaborador |
|
| 700 | 1 |
_aPál, Gabriella _ecolaborador |
|
| 700 | 1 |
_aRutherford, J. _ecolaborador |
|
| 942 | _cBK | ||
| 998 | _csilvi | ||
| 999 |
_c10991 _d10991 |
||